[Event "Berlin-ch QT"]
[Site "Berlin"]
[Date "2015.04.11"]
[Round "9"]
[White "Gebert Vangeel, Ralf"]
[Black "Sappok, Marius"]
[Result "0-1"]
[WhiteElo "2041"]
[BlackElo "1987"]
[PlyCount "64"]
[EventDate "2015.04.03"]
[EventType "swiss"]
[EventRounds "9"]
[EventCountry "GER"]
[SourceTitle "EXT 2022"]
[Source "ChessBase"]
[SourceDate "2021.10.06"]
[SourceVersion "1"]
[SourceVersionDate "2021.10.06"]
[SourceQuality "1"]

1. e4 e5 2. Nf3 Nc6 3. d4 exd4 4. Nxd4 Nf6 5. Nc3 Bb4 6. Nxc6 bxc6 7. Bd3 0-0 8. 0-0 Re8 9. Bg5 h6 10. Bh4 g5 11. Bg3 d6 12. Re1 Bg4 13. f3 Bh5 14. a3 Bc5+ 15. Kh1 Bd4 16. Qd2 Nd7 17. f4 Rb8 18. Rab1 gxf4 19. Qxf4 Qg5 20. Qxg5+ hxg5 21. Na4 Ne5 22. h3 Nxd3 23. cxd3 Rb3 24. Nc3 Reb8 25. Rbc1 f6 26. e5 Bxc3 27. bxc3 fxe5 28. a4 Bg6 29. Bf2 Bxd3 30. Bxa7 Ra8 31. Re3 Bh7 32. Rg3 Rxa7 0-1

[Event "Berlin Lichtenrade op 10th"]
[Site "Berlin"]
[Date "2014.10.19"]
[Round "2"]
[White "Figura, Atila Gajo"]
[Black "Sappok, Marius"]
[Result "1-0"]
[WhiteElo "2372"]
[BlackElo "2012"]
[PlyCount "51"]
[EventDate "2014.10.18"]
[EventType "swiss"]
[EventRounds "9"]
[EventCountry "GER"]
[SourceTitle "EXT 2015"]
[Source "ChessBase"]
[SourceDate "2014.11.20"]
[SourceVersion "1"]
[SourceVersionDate "2014.11.20"]
[SourceQuality "1"]

1. Nf3 Nf6 2. c4 c5 3. g3 d5 4. cxd5 Nxd5 5. Bg2 Nc6 6. Nc3 Nc7 7. 0-0 e5 8. a3 f6 9. e3 Be7 10. d4 cxd4 11. exd4 exd4 12. Ne2 d3 13. Nf4 0-0 14. Qb3+ Kh8 15. Rd1 Bf5 16. Be3 Be4 17. Nxd3 Qd5 18. Qxb7 Rab8 19. Qxc7 Bd6 20. Qd7 Rfd8 21. Nc5 Rxd7 22. Rxd5 Bxd5 23. Nxd7 Rxb2 24. Rd1 Bxf3 25. Bxf3 Ne5 26. Nxe5 1-0

[Event "Berlin Lichtenberger op 13th"]
[Site "Berlin"]
[Date "2014.08.22"]
[Round "7"]
[White "Sappok, Marius"]
[Black "Bruemmel, Arend"]
[Result "0-1"]
[WhiteElo "2003"]
[BlackElo "2132"]
[PlyCount "52"]
[EventDate "2014.08.16"]
[EventType "swiss"]
[EventRounds "9"]
[EventCountry "GER"]
[SourceTitle "CBM 161 Extra"]
[Source "ChessBase"]
[SourceDate "2014.08.29"]
[SourceVersion "1"]
[SourceVersionDate "2014.08.29"]
[SourceQuality "1"]

1. Nf3 Nf6 2. g3 d5 3. Bg2 g6 4. 0-0 Bg7 5. c4 0-0 6. cxd5 Nxd5 7. d4 c5 8. e4 Nf6 9. Re1 cxd4 10. Nxd4 Qb6 11. Nb3 Ng4 12. Qe2 a5 13. Nc3 a4 14. Nd5 Qd8 15. Nc5 Bd4 16. Nd3 Nc6 17. h3 Nge5 18. Nxe5 Bxe5 19. Bh6 Re8 20. Rad1 e6 21. Ne3 Nd4 22. Qd2 Qc7 23. Ng4 Bh8 24. Bg5 e5 25. Bf6 Bxg4 26. Rc1 Qd7 0-1

[Event "Berlin Lichtenberger op 13th"]
[Site "Berlin"]
[Date "2014.08.21"]
[Round "6"]
[White "Bruening, Wolfgang"]
[Black "Sappok, Marius"]
[Result "0-1"]
[WhiteElo "1893"]
[BlackElo "2003"]
[PlyCount "94"]
[EventDate "2014.08.16"]
[EventType "swiss"]
[EventRounds "9"]
[EventCountry "GER"]
[SourceTitle "CBM 161 Extra"]
[Source "ChessBase"]
[SourceDate "2014.08.29"]
[SourceVersion "1"]
[SourceVersionDate "2014.08.29"]
[SourceQuality "1"]

1. c4 Nf6 2. g3 g6 3. Bg2 d5 4. cxd5 Nxd5 5. Nc3 Nb6 6. Nf3 Bg7 7. 0-0 0-0 8. d3 Nc6 9. Bd2 e5 10. Bg5 f6 11. Qb3+ Kh8 12. Bd2 Re8 13. Qc2 Nd4 14. Nxd4 exd4 15. Ne4 c6 16. Ba5 Qe7 17. Rfe1 Nd5 18. Bd2 Be6 19. a3 Bg8 20. Rac1 Rad8 21. Qa4 Ra8 22. Nc5 b6 23. Ne4 c5 24. h4 Rad8 25. b4 cxb4 26. axb4 Rc8 27. b5 f5 28. Ng5 Nc3 29. Bxc3 dxc3 30. Bc6 Red8 31. Nf3 Bd5 32. d4 Be4 33. Ne5 Bxe5 34. dxe5 Qxe5 35. Qc4 c2 36. Kh2 Qd4 37. Qxd4+ Rxd4 38. e3 Rd2 39. Bxe4 fxe4 40. Kg1 Kg7 41. Kf1 Kf7 42. Re2 Rd1+ 43. Re1 Rxe1+ 44. Kxe1 Ke6 45. Kd2 Kd5 46. Ke2 Rc4 47. Kd2 Kc5 0-1

[Event "Berlin-ch QT"]
[Site "Berlin"]
[Date "2014.04.22"]
[Round "4"]
[White "Sappok, Marius"]
[Black "Witte, Ronald"]
[Result "1/2-1/2"]
[WhiteElo "1990"]
[BlackElo "2040"]
[PlyCount "62"]
[EventDate "2014.04.19"]
[EventType "swiss"]
[EventRounds "9"]
[EventCountry "GER"]
[SourceTitle "EXT 2022"]
[Source "ChessBase"]
[SourceDate "2021.10.06"]
[SourceVersion "1"]
[SourceVersionDate "2021.10.06"]
[SourceQuality "1"]

1. d4 d5 2. c4 e6 3. Nc3 Nf6 4. Bg5 Be7 5. e3 Nbd7 6. Nf3 c6 7. Qc2 Nh5 8. Bxe7 Qxe7 9. Be2 Nhf6 10. 0-0 0-0 11. e4 dxe4 12. Nxe4 c5 13. Rad1 Nxe4 14. Qxe4 Nf6 15. Qh4 b6 16. Ne5 Bb7 17. Bd3 h6 18. Rfe1 cxd4 19. Qxd4 Rfd8 20. Qh4 Nd5 21. Qxe7 Nxe7 22. Bc2 Nc6 23. Nxc6 Bxc6 24. b4 Kf8 25. f3 Ke7 26. Kf2 Rac8 27. Ke3 Bd5 28. cxd5 Rxc2 29. dxe6 Rxd1 30. Rxd1 Kxe6 31. Rd2 Rxd2 1/2-1/2

[Event "Berlin Lichtenberger op 12th"]
[Site "Berlin"]
[Date "2013.08.24"]
[Round "8"]
[White "Sappok, Marius"]
[Black "Lassan, Christian"]
[Result "1/2-1/2"]
[WhiteElo "1971"]
[BlackElo "2102"]
[PlyCount "61"]
[EventDate "2013.08.17"]
[EventType "swiss"]
[EventRounds "9"]
[EventCountry "GER"]
[SourceTitle "CBM 156 Extra"]
[Source "ChessBase"]
[SourceDate "2013.10.22"]
[SourceVersion "1"]
[SourceVersionDate "2013.10.22"]
[SourceQuality "1"]

1. Nf3 Nf6 2. c4 e6 3. g3 d5 4. Bg2 Be7 5. 0-0 0-0 6. d4 dxc4 7. Ne5 c5 8. Na3 Nd5 9. Naxc4 b5 10. Ne3 Bb7 11. Nxd5 Bxd5 12. e4 Bb7 13. dxc5 Bxc5 14. Qe2 Qb6 15. a4 bxa4 16. Rxa4 Ba6 17. Nc4 Qb5 18. Qc2 Nc6 19. Na3 Bxa3 20. bxa3 e5 21. Be3 Qd3 22. Qxc6 Bb5 23. Qd5 Qxd5 24. exd5 Bxa4 25. d6 Rac8 26. Bb7 Rb8 27. Bd5 Rfd8 28. Bc5 Rb5 29. Rc1 Rb2 30. Bxa7 Rd2 31. Bb6 1/2-1/2

[Event "Berlin Lichtenberger op 12th"]
[Site "Berlin"]
[Date "2013.08.19"]
[Round "3"]
[White "Hermannsdoerfer, Frank"]
[Black "Sappok, Marius"]
[Result "1-0"]
[WhiteElo "2228"]
[BlackElo "1971"]
[PlyCount "65"]
[EventDate "2013.08.17"]
[EventType "swiss"]
[EventRounds "9"]
[EventCountry "GER"]
[SourceTitle "CBM 156 Extra"]
[Source "ChessBase"]
[SourceDate "2013.10.22"]
[SourceVersion "1"]
[SourceVersionDate "2013.10.22"]
[SourceQuality "1"]

1. b3 e5 2. Bb2 Nc6 3. e3 Nf6 4. Bb5 Bd6 5. Na3 Na5 6. Be2 c6 7. c4 Qe7 8. Nb1 Bc7 9. Nc3 d5 10. cxd5 cxd5 11. Nb5 Bd6 12. Nxd6+ Qxd6 13. Nf3 Nc6 14. Qc1 Bg4 15. Ba3 Qd7 16. Qb2 Bxf3 17. Bxf3 e4 18. Be2 a6 19. d3 exd3 20. Bxd3 Qg4 21. 0-0 Qe6 22. Rac1 h5 23. Rfe1 h4 24. Qb1 Rh5 25. e4 d4 26. f4 h3 27. g3 Nd7 28. e5 g6 29. Be4 Rd8 30. Bd6 Ndb8 31. Qd3 Rc8 32. Qf3 Rh7 33. f5 1-0

[Event "Berlin Lichtenberger op 12th"]
[Site "Berlin"]
[Date "2013.08.18"]
[Round "2"]
[White "Sappok, Marius"]
[Black "Penner, Markus"]
[Result "0-1"]
[WhiteElo "1971"]
[BlackElo "2026"]
[PlyCount "51"]
[EventDate "2013.08.17"]
[EventType "swiss"]
[EventRounds "9"]
[EventCountry "GER"]
[SourceTitle "CBM 156 Extra"]
[Source "ChessBase"]
[SourceDate "2013.10.22"]
[SourceVersion "1"]
[SourceVersionDate "2013.10.22"]
[SourceQuality "1"]

1. d4 Nf6 2. c4 g6 3. Nc3 Bg7 4. e4 d6 5. h3 0-0 6. Bg5 c5 7. d5 h6 8. Be3 Na6 9. Be2 Nc7 10. Qd2 Kh7 11. f4 a6 12. a4 Bd7 13. e5 Nfe8 14. Nf3 b5 15. axb5 axb5 16. 0-0 Na6 17. cxb5 Nb4 18. Bc4 Qb8 19. e6 fxe6 20. dxe6 Bc8 21. Rxa8 Qxa8 22. Nd5 Bxe6 23. Nb6 Qb7 24. Bxe6 Qxb6 25. Qxb4 Nc7 26. Qe4 0-1

[Event "Berlin Lichtenberger op 11th"]
[Site "Berlin"]
[Date "2012.08.20"]
[Round "3"]
[White "Sappok, Marius"]
[Black "Zschaebitz, Klaus"]
[Result "1/2-1/2"]
[WhiteElo "1977"]
[BlackElo "2077"]
[PlyCount "99"]
[EventDate "2012.08.18"]
[EventType "swiss"]
[EventRounds "9"]
[EventCountry "GER"]
[SourceTitle "CBM 150 Extra"]
[Source "ChessBase"]
[SourceDate "2012.10.19"]
[SourceVersion "1"]
[SourceVersionDate "2012.10.19"]
[SourceQuality "1"]

1. d4 e6 2. c4 Nf6 3. Nf3 b6 4. Nc3 Bb7 5. a3 Be7 6. Qc2 d5 7. cxd5 exd5 8. g3 0-0 9. Bg2 c5 10. 0-0 Nc6 11. dxc5 bxc5 12. Rd1 Qb6 13. Na4 Qb5 14. Nc3 Qa6 15. Bg5 Ne4 16. Bxe7 Nxe7 17. Nxe4 dxe4 18. Ng5 f5 19. Qxc5 Qf6 20. Qc4+ Kh8 21. h4 Ba6 22. Qe6 Bxe2 23. Rd7 Qxe6 24. Nxe6 Rfe8 25. Bf1 Bh5 26. Rc1 h6 27. Rcc7 Nd5 28. Rc6 Nf6 29. Rdd6 Rac8 30. Ba6 Rxc6 31. Rxc6 Nd5 32. Nd4 f4 33. Rc5 Rd8 34. Bb7 Nf6 35. Rc8 Rxc8 36. Bxc8 fxg3 37. fxg3 e3 38. Ba6 Ne4 39. Kg2 Nd2 40. Be2 Bxe2 41. Nxe2 Nc4 42. b3 Nxa3 43. Nd4 Kh7 44. Kf3 Kg6 45. Kxe3 Kf6 46. g4 a6 47. Kf4 g5+ 48. hxg5+ hxg5+ 49. Ke4 Nb1 50. Nf3 1/2-1/2

[Event "GER-ch Net qual3 U25"]
[Site "Playchess.com INT"]
[Date "2011.05.08"]
[Round "4"]
[White "Sappok, Marius"]
[Black "Schneider, Christian"]
[Result "0-1"]
[WhiteElo "1668"]
[BlackElo "2265"]
[PlyCount "52"]
[EventDate "2011.05.08"]
[EventType "swiss (blitz)"]
[EventRounds "7"]
[EventCountry "GER"]
[SourceTitle "CBM 142 Extra"]
[Source "ChessBase"]
[SourceDate "2011.06.27"]
[SourceVersion "1"]
[SourceVersionDate "2011.06.27"]
[SourceQuality "1"]

1. c4 e6 2. Nc3 d5 3. d4 Nf6 4. cxd5 exd5 5. Bg5 Be7 6. e3 0-0 7. Bd3 c6 8. Qc2 Nbd7 9. Nge2 Re8 10. 0-0 Nf8 11. f3 Ng6 12. e4 dxe4 13. fxe4 Ng4 14. Bxe7 Qxe7 15. Qd2 Qc7 16. e5 c5 17. Nd5 Qd8 18. Bxg6 hxg6 19. dxc5 Be6 20. Nef4 Bxd5 21. Qxd5 Rxe5 22. Qxd8+ Rxd8 23. Rad1 Rxd1 24. Rxd1 Rxc5 25. Rd8+ Kh7 26. h3 Rc1+ 0-1

[Event "GER-ch Net qual3 U25"]
[Site "Playchess.com INT"]
[Date "2011.05.08"]
[Round "7"]
[White "Sappok, Marius"]
[Black "Schnoor, Ekkehard"]
[Result "1-0"]
[WhiteElo "1668"]
[BlackElo "1856"]
[PlyCount "41"]
[EventDate "2011.05.08"]
[EventType "swiss (blitz)"]
[EventRounds "7"]
[EventCountry "GER"]
[SourceTitle "CBM 142 Extra"]
[Source "ChessBase"]
[SourceDate "2011.06.27"]
[SourceVersion "1"]
[SourceVersionDate "2011.06.27"]
[SourceQuality "1"]

1. c4 g6 2. Nc3 Bg7 3. g3 d6 4. Bg2 Nc6 5. Nf3 e5 6. d3 f5 7. 0-0 Nf6 8. Rb1 a5 9. a3 0-0 10. b4 axb4 11. axb4 h6 12. b5 Nd4 13. e3 Ne6 14. Nh4 f4 15. Nxg6 Rf7 16. gxf4 exf4 17. Nd5 f3 18. Qxf3 Ng5 19. Qg3 Nh5 20. Qh4 Nf3+ 21. Bxf3 1-0

[Event "GER-ch Net qual2 U25"]
[Site "Playchess.com INT"]
[Date "2011.05.04"]
[Round "2"]
[White "Sappok, Marius"]
[Black "Tkachuk, Konstantyn"]
[Result "0-1"]
[WhiteElo "1643"]
[BlackElo "2063"]
[PlyCount "78"]
[EventDate "2011.05.04"]
[EventType "swiss (blitz)"]
[EventRounds "7"]
[EventCountry "GER"]
[SourceTitle "CBM 142 Extra"]
[Source "ChessBase"]
[SourceDate "2011.06.27"]
[SourceVersion "1"]
[SourceVersionDate "2011.06.27"]
[SourceQuality "1"]

1. e4 c5 2. Nf3 d6 3. d4 cxd4 4. Nxd4 Nf6 5. Nc3 g6 6. Be3 Bg7 7. f3 0-0 8. Qd2 Nc6 9. 0-0-0 d5 10. exd5 Nxd5 11. Nxc6 bxc6 12. Bd4 e5 13. Bc5 Be6 14. Ne4 Re8 15. Nd6 Re7 16. Ne4 Rd7 17. Qf2 Bh6+ 18. Kb1 Nc3+ 19. bxc3 Rxd1+ 20. Kb2 Rb8+ 21. Bb4 a5 22. a3 axb4 23. cxb4 Qd5 24. Nc3 Qd2 25. Qxd2 Rxd2 26. Ne4 Rd1 27. Nc3 Re1 28. Ne4 Bc4 29. Nf6+ Kg7 30. Nd7 Rd8 31. Bxc4 Rxh1 32. Nxe5 Rxh2 33. Nxc6 Rd2 34. Bd3 Rhxg2 35. b5 Rxd3 36. b6 Rd7 37. a4 Be3 38. a5 Rb7 39. a6 Rxb6+ 0-1

[Event "GER-ch Net qual1 U25"]
[Site "Playchess.com INT"]
[Date "2011.05.01"]
[Round "2"]
[White "Sappok, Marius"]
[Black "Maiorov, Daniel"]
[Result "0-1"]
[WhiteElo "1544"]
[BlackElo "1883"]
[PlyCount "49"]
[EventDate "2011.05.01"]
[EventType "swiss (blitz)"]
[EventRounds "7"]
[EventCountry "GER"]
[SourceTitle "CBM 142 Extra"]
[Source "ChessBase"]
[SourceDate "2011.06.27"]
[SourceVersion "1"]
[SourceVersionDate "2011.06.27"]
[SourceQuality "1"]

1. e4 c5 2. Nf3 d6 3. d4 cxd4 4. Nxd4 Nf6 5. Nc3 g6 6. Be3 Bg7 7. f3 Nc6 8. Qd2 0-0 9. 0-0-0 Be6 10. g4 Ne5 11. h4 Qa5 12. Nb3 Bxb3 13. cxb3 Nxf3 14. Qf2 Ne5 15. h5 Nexg4 16. Qh4 Nxe3 17. hxg6 fxg6 18. Rd5 Nexd5 19. Nxd5 Rac8+ 20. Kb1 Nxd5 21. Qxh7+ Kf7 22. Bc4 Rxc4 23. bxc4 Nf6 24. Qh2 Qe5 25. Re1 0-1

[Event "GER-ch Net qual1 U25"]
[Site "Playchess.com INT"]
[Date "2011.05.01"]
[Round "4"]
[White "Schnoor, Ekkehard"]
[Black "Sappok, Marius"]
[Result "0-1"]
[WhiteElo "1961"]
[BlackElo "1544"]
[PlyCount "98"]
[EventDate "2011.05.01"]
[EventType "swiss (blitz)"]
[EventRounds "7"]
[EventCountry "GER"]
[SourceTitle "CBM 142 Extra"]
[Source "ChessBase"]
[SourceDate "2011.06.27"]
[SourceVersion "1"]
[SourceVersionDate "2011.06.27"]
[SourceQuality "1"]

1. e4 e5 2. Nf3 Nc6 3. Bb5 a6 4. Ba4 Nf6 5. 0-0 Be7 6. Re1 b5 7. Bb3 0-0 8. h3 Bb7 9. c3 d5 10. exd5 Nxd5 11. Nxe5 Nxe5 12. Rxe5 Nf4 13. d4 Nxg2 14. Nd2 Bd6 15. Nf3 Bxe5 16. Nxe5 Qh4 17. Qd3 Nf4 18. Bxf4 Qxf4 19. Re1 Qg5+ 20. Qg3 Qxg3+ 21. fxg3 a5 22. Rf1 a4 23. Bxf7+ Kh8 24. Rf4 g6 25. Nd7 Rfd8 26. Nc5 Bd5 27. a3 Bxf7 28. Rxf7 Rac8 29. Kf2 Kg8 30. Re7 Rf8+ 31. Ke2 Rfe8 32. Rxe8+ Rxe8+ 33. Kd3 Kg7 34. c4 bxc4+ 35. Kxc4 Re3 36. Nxa4 Rxg3 37. Nc3 Rxh3 38. a4 Rh1 39. a5 Ra1 40. b4 h5 41. Nd5 c6 42. Ne7 h4 43. Nxc6 h3 44. d5 h2 45. Kc5 h1Q 46. d6 Qc1+ 47. Kb6 Qe3+ 48. Kb7 Rd1 49. Kc7 Qg3 0-1